[Event "e2e4 Brighton Masters"]
[Site "Brighton ENG"]
[Date "2012.02.15"]
[Round "1"]
[White "Bigg,A"]
[Black "Rausis,I"]
[Result "1-0"]
[WhiteElo "2304"]
[BlackElo "2498"]

1.d4 d6 2.e4 Nf6 3.Nc3 e5 4.Nf3 Nbd7 5.Bc4 Be7 6.Ng5 O-O 7.Bxf7+ Rxf7 8.Ne6 Qe8
9.Nxc7 Qd8 10.Nxa8 b6 11.dxe5 Nxe5 12.Bf4 Ng6 13.Be3 Bb7 14.Nxb6 axb6 15.Qd4 Ng4
16.Qxb6 Nxe3 17.Qxd8+ Bxd8 18.fxe3 Ba5 19.O-O-O Bxc3 20.bxc3 Bxe4 21.Rxd6 h5
22.Rhd1 Kh7 23.g3 Rc7 24.R1d4 Bf3 25.Re6 Bg4 26.Re8 Rxc3 27.Kb2 Rc5 28.c4 Ne5
29.Kb3 Nf3 30.Rd5 Rc6 31.Kb4 Nxh2 32.c5 Nf1 33.Kb5 Rf6 34.c6 Nxg3 35.c7 Rf2
36.a4 Rb2+ 37.Ka6 Rc2 38.Kb6 h4 39.Rd4 Bf5 40.Rxh4+ Kg6 41.Rhh8 Rb2+ 42.Ka5 Re2
43.Re5 Rc2 44.Rxf5 Nxf5 45.c8=Q Rxc8 46.Rxc8 Nxe3 47.Kb5 Nf5 48.Rc5  1-0

[Event "11th Aeroflot Open A"]
[Site "Moscow RUS"]
[Date "2012.02.15"]
[Round "9"]
[White "Szabo,Krisz1"]
[Black "Pridorozhni,A"]
[Result "1-0"]
[WhiteElo "2547"]
[BlackElo "2555"]

1.e4 d6 2.d4 Nf6 3.Nc3 e5 4.Nf3 Nbd7 5.Bc4 Be7 6.O-O O-O 7.a4 c6 8.Re1 a5
9.b3 Qc7 10.h3 Re8 11.Bb2 exd4 12.Nxd4 Ne5 13.Bf1 Ng6 14.Qd2 Bd7 15.g3 Rad8
16.Bg2 Bc8 17.Rad1 h5 18.f4 h4 19.g4 d5 20.e5 Nh7 21.Nce2 Bb4 22.c3 Bc5 23.Kh1 Ne7
24.Nc1 f5 25.g5 Nf8 26.Nd3 Ba7 27.Ba3 Bxd4 28.cxd4 b6 29.Bd6 Qa7 30.b4 axb4
31.Nxb4 Bb7 32.Bf3 Ne6 33.Bh5 g6 34.Bxe7 Rxe7 35.Bxg6 c5 36.Nc2 Rf8 37.Ra1 Ng7
38.e6 Rxe6 39.Rxe6 Nxe6 40.Re1 Bc8 41.Re5 Qxa4 42.Qf2 Nxd4 43.Qxh4 Qa7 44.Nxd4 cxd4
45.Qe1 d3 46.Re7  1-0

[Event "11th Aeroflot Open B"]
[Site "Moscow RUS"]
[Date "2012.02.15"]
[Round "9"]
[White "Guliyev,N"]
[Black "Huang Qian"]
[Result "1-0"]
[WhiteElo "2545"]
[BlackElo "2389"]

1.e4 d6 2.d4 Nf6 3.Nc3 e5 4.Nf3 exd4 5.Nxd4 Be7 6.Bf4 O-O 7.Qd2 Nc6 8.O-O-O Nxd4
9.Qxd4 Be6 10.f3 Nd7 11.Kb1 Bf6 12.Qd2 Nc5 13.h4 a6 14.g4 b5 15.g5 Be5 16.h5 b4
17.Bxe5 dxe5 18.Qe3 Qe7 19.Nd5 Bxd5 20.Rxd5 Nd7 21.Ra5 Nb6 22.Bd3 Rad8 23.Qc5 Qxg5
24.Qxc7 Rb8 25.h6 Qg2 26.Rc1 gxh6 27.Rxa6 Qg6 28.Qxe5 Qg7 29.Qh2 Kh8 30.e5 Rg8
31.f4 f6 32.Qf2 Qc7 33.exf6 Rgf8 34.Qd4 Rf7 35.Re1 Kg8 36.Rxb6  1-0

[Event "ch-ROU Men 2012"]
[Site "Sarata Monteoru ROU"]
[Date "2012.02.15"]
[Round "4.54"]
[White "Arghirescu,M"]
[Black "Ciortan,M"]
[Result "1-0"]
[WhiteElo "1921"]
[BlackElo "1721"]

1.e4 d6 2.d4 Nf6 3.Nc3 e5 4.dxe5 dxe5 5.Qxd8+ Kxd8 6.Bg5 Be6 7.O-O-O+ Ke8
8.Nb5 Na6 9.f3 Nd7 10.Ne2 c6 11.Nd6+ Bxd6 12.Rxd6 Nc7 13.Nc3 f6 14.Be3 Ke7
15.Rd2 b6 16.Be2 Rad8 17.f4 exf4 18.Bxf4 Ne5 19.h3 Rxd2 20.Bxd2 Bc4 21.Bd1 Ne6
22.b3 Ba6 23.Be3 Rd8 24.Re1 Nd4 25.Bh5 Ne6 26.a4 g6 27.Bd1 Rd7 28.Kb2 Bb7
29.h4 h5 30.Be2 Nd4 31.Bf1 Ne6 32.b4 Nd4 33.Rd1 Ne6 34.Rxd7+ Kxd7 35.a5 Kc7
36.Kb3 Nf8 37.Na4 b5 38.Nc5 a6 39.Bf4 Bc8 40.Kc3 Kd8 41.Kd4 Ned7 42.Bd6 Ke8
43.g3 Kf7 44.Bh3 g5 45.Bf5 Nxc5 46.Kxc5 Nd7+ 47.Kxc6 Ne5+ 48.Bxe5 Bxf5 49.exf5 fxe5
50.Kd5 gxh4 51.gxh4 Kf6 52.Ke4 Kf7 53.Kxe5 Ke7 54.f6+ Kf7 55.Kf5 Kf8 56.Kg6 Kg8
57.Kxh5 Kf7 58.Kg5 Kf8 59.Kg6 Kg8 60.h5 Kh8 61.Kf5 Kg8 62.Ke6 Kf8 63.f7 Kg7
64.Ke7 Kh6  1-0

[Event "Vladimir Petrov Mem A 2012"]
[Site "Jurmala LAT"]
[Date "2012.02.16"]
[Round "1.2"]
[White "Azarov,S"]
[Black "Glek,I"]
[Result "1-0"]
[WhiteElo "2667"]
[BlackElo "2401"]

1.e4 d6 2.d4 Nf6 3.Nc3 e5 4.Nf3 Nbd7 5.Bc4 Be7 6.O-O O-O 7.Re1 a6 8.a4 b6
9.Ne2 Nh5 10.Ng3 Nxg3 11.hxg3 c6 12.Be3 Bb7 13.Bb3 b5 14.Qe2 Bf6 15.Rad1 Qe7
16.g4 g6 17.Bh6 Rfe8 18.c3 exd4 19.cxd4 d5 20.e5 Bg7 21.Qd2 c5 22.Bxg7 Kxg7
23.dxc5 Nxc5 24.Bc2 bxa4 25.Qf4 Bc6 26.g5 Ne6 27.Qh4 Rab8 28.Nd4 Bd7 29.Nxe6+ fxe6
30.Re3 Rxb2 31.Rh3 Rh8 32.Rc1 Be8 33.Bd3 Rb8 34.Qh6+ Kg8 35.Rf3 a3 36.Rc7 Bd7
37.Bxg6 a2 38.Bf7+ Qxf7 39.Rxf7 a1=Q+ 40.Kh2 Qxe5+ 41.f4  1-0

[Event "ch-Central Serbia 2012"]
[Site "Pozarevac SRB"]
[Date "2012.02.16"]
[Round "5.16"]
[White "Marcetic,P"]
[Black "Ratkovic,Milov"]
[Result "1/2-1/2"]
[WhiteElo "2247"]
[BlackElo "2183"]

1.e4 d6 2.d4 Nf6 3.Nc3 c6 4.Bg5 Nbd7 5.Qd2 e5 6.Nge2 Qa5 7.f3 Be7 8.h4 O-O
9.g4 b5 10.Ng3 exd4 11.Nf5 dxc3 12.Nxe7+ Kh8 13.Qxc3 Qxc3+ 14.bxc3 Re8 15.Nxc8 Raxc8
16.O-O-O d5 17.Bxf6 Nxf6 18.g5 Nh5 19.exd5 cxd5 20.Bxb5 Re3 21.Rxd5 Rexc3
22.Rh2 Nf4 23.Rd7 Rxf3 24.Rxa7 Ne6 25.a4 g6 26.Rd7 Nc5 27.Re7 Rf4 28.Ra7 Kg7
29.Kb2 Ne4 30.Ka3 Nc3 31.Rh3 Rc5 32.Bd3 Nxa4 33.h5 Nb6 34.h6+ Kf8 35.Rb7 Nd5
36.c4 Nc7 37.Rb8+ Ke7 38.Rh8 Rf2 39.Rxh7 Ra5+ 40.Kb4 Rfa2 41.Rh8 R5a4+ 42.Kc3 R4a3+
43.Kb4 Ra4+  1/2-1/2

[Event "e2e4 Brighton Masters"]
[Site "Brighton ENG"]
[Date "2012.02.17"]
[Round "4"]
[White "White,Mi"]
[Black "Rausis,I"]
[Result "1-0"]
[WhiteElo "2229"]
[BlackElo "2498"]

1.e4 d6 2.d4 Nf6 3.Nc3 e5 4.Nf3 Nbd7 5.g4 Nxg4 6.Rg1 exd4 7.Nxd4 Nde5 8.h3 Nf6
9.f4 Ng6 10.Qf3 c5 11.Nb3 Bd7 12.Be3 Bc6 13.O-O-O Qb6 14.Bc4 Be7 15.Nd2 Rf8
16.Qe2 O-O-O 17.f5 Ne5 18.Rxg7 Rg8 19.Rxf7 Nxf7 20.Bxf7 Rg3 21.Bf4 Rxh3 22.Nc4 Qa6
23.e5 Bf3 24.Qf1 Bxd1 25.exf6 Bxf6 26.Qxh3 Bxc3 27.Qxc3 Bg4 28.Qf6 Kc7 29.Be6  1-0

[Event "Vladimir Petrov Mem A 2012"]
[Site "Jurmala LAT"]
[Date "2012.02.17"]
[Round "4.5"]
[White "Neiksans,A"]
[Black "Khairullin,I"]
[Result "1/2-1/2"]
[WhiteElo "2524"]
[BlackElo "2638"]

1.e4 d6 2.d4 Nf6 3.Nc3 e5 4.Nge2 c6 5.a4 Nbd7 6.g3 b6 7.Bg2 a6 8.O-O Bb7
9.h3 h5 10.f4 Qc7 11.Be3 Be7 12.Qd2 O-O 13.Kh2 b5 14.Nd1 Rfe8 15.Nf2 exd4
16.Nxd4 c5 17.Nf5 Bf8 18.Rfd1 Nxe4 19.Bxe4 Bxe4 20.Nxd6 Bxd6  1/2-1/2

[Event "ch-Central Serbia 2012"]
[Site "Pozarevac SRB"]
[Date "2012.02.17"]
[Round "6.8"]
[White "Pantelic,Sa"]
[Black "Ratkovic,Miloj"]
[Result "1-0"]
[WhiteElo "2357"]
[BlackElo "2172"]

1.d4 d6 2.e4 Nf6 3.Nc3 c6 4.Nf3 Bg4 5.h3 Bh5 6.Bd3 Nbd7 7.g4 Nxg4 8.hxg4 Bxg4
9.Be2 h5 10.Ng5 Bxe2 11.Qxe2 e5 12.Rxh5 Rxh5 13.Qxh5 g6 14.Qf3 Qe7 15.d5 Bh6
16.Qg2 O-O-O 17.Bd2 Nb6  1-0

[Event "e2e4 Brighton Masters"]
[Site "Brighton ENG"]
[Date "2012.02.18"]
[Round "6"]
[White "Vuilleumier,A"]
[Black "Willmoth,R"]
[Result "1-0"]
[WhiteElo "2359"]
[BlackElo "2154"]

1.d4 d6 2.e4 Nf6 3.Nc3 c6 4.h3 Nbd7 5.Nf3 e5 6.a4 Be7 7.Bc4 O-O 8.O-O Nxe4
9.Nxe4 d5 10.Nxe5 Nxe5 11.dxe5 dxc4 12.Qe2 Be6 13.Be3 Qd5 14.Bg5 Bxg5 15.Nxg5 Bf5
16.Rad1 Qc5 17.g4 Bc8 18.Qe3 Qxe3 19.fxe3 g6 20.Rf4 h6 21.Ne4 b5 22.Rd6 bxa4
23.Nf6+ Kg7 24.Rxc4 Be6 25.Rxa4 Rfb8 26.b4 Rb5 27.Ra5 Rxa5 28.bxa5 c5 29.h4 Rb8
30.g5 hxg5 31.hxg5 Rb1+ 32.Kf2 Rb8 33.Ke2 Rc8 34.Kd2 Kf8 35.Kc3 Ke7 36.e4 Rh8
37.Nd5+ Bxd5 38.exd5 Rh5 39.Ra6 Rxg5 40.Rxa7+ Ke8 41.Kc4 Rxe5 42.Kxc5 f5
43.Kd6 Re4 44.a6 Ra4 45.c4 f4 46.Ke6 Kf8 47.d6 Rxc4 48.Ra8+ Kg7 49.d7 Rd4
50.d8=Q  1-0

[Event "TCh-CAT 2012"]
[Site "Catalunya ESP"]
[Date "2012.02.18"]
[Round "4.1"]
[White "Kogan,Ar"]
[Black "Oratovsky,M"]
[Result "1/2-1/2"]
[WhiteElo "2572"]
[BlackElo "2521"]

1.e4 d6 2.d4 Nf6 3.Nc3 e5 4.dxe5 dxe5 5.Qxd8+ Kxd8 6.Nf3 Bd6 7.Bg5 c6 8.Nd2 Be6
9.Bc4 Bxc4 10.Nxc4 Ke7 11.O-O-O Bc7 12.Bxf6+  1/2-1/2

[Event "ch-ROU Women 2012"]
[Site "Sarata Monteoru ROU"]
[Date "2012.02.18"]
[Round "6.3"]
[White "Uta,Ad"]
[Black "Dragomirescu,An"]
[Result "0-1"]
[WhiteElo "2087"]
[BlackElo "2240"]

1.e4 d6 2.d4 Nf6 3.Nc3 e5 4.Nf3 Nbd7 5.Bc4 Be7 6.O-O O-O 7.Qe2 c6 8.a4 b6
9.Rd1 Qc7 10.d5 cxd5 11.Nxd5 Nxd5 12.Bxd5 Rb8 13.Ra3 a5 14.Rc3 Nc5 15.Ng5 Bxg5
16.Bxg5 h6 17.Bc1 Qe7 18.b3 Kh7 19.Qh5 Be6 20.Rg3 Rg8 21.Bg5 Qe8 22.Qh4 f6
23.Bxf6 gxf6 24.Qxf6 Rxg3 25.hxg3 Qd8 26.Qxd8 Rxd8 27.f3 Kg6 28.Kf2 Bxd5
29.Rxd5 Kf6 30.Ke3 Ke7 31.Rd1 Rg8 32.Kf2 Ne6 33.c4 Nc5 34.Rb1 Nd3+ 35.Ke3 Nb4
36.Kf2 Kd7 37.Rd1 Na6 38.f4 Ke7 39.Kf3 Nc5 40.Rb1 Ke6 41.f5+ Ke7 42.g4 Rh8
43.g3 Kf6 44.Rd1 Ke7 45.Rb1 Kf7 46.Ke3 Kg7 47.Rd1 Rd8 48.Rb1 Nd7 49.Kf3 Nf6
50.Rh1 Nh7 51.Ke3 Rc8 52.Rd1 Rc6 53.Rh1 Ng5 54.Ra1 Kf6 55.Rh1 Nf7 56.Rh2 Rc8
57.Rh1 Rg8 58.Kf3 Ke7 59.Rh4 Kd7 60.Rh1 Kc6 61.Rd1 Rb8 62.Rd2 Kc5 63.Rd5+ Kc6
64.Ke3 Ng5 65.Rd1 Rg8 66.Rd2 Nf7 67.Kf3 Rb8 68.Rd5 Rb7 69.Rd1 Kc5 70.Rd5+ Kb4
71.Rd3 Rb8 72.Re3 Ng5+ 73.Kg2 Rc8 74.Kf2 Kc5 75.Ke2 Rc6 76.Kd3 Rc7 77.Re1 Rg7
78.Rh1 Nf7 79.Rh4 Kb4 80.Kc2 Rh7 81.Rh2 Ng5 82.Re2 Nf3 83.Re3 Nd4+ 84.Kb2 Rg7
85.Rd3 Rxg4 86.Re3 h5 87.f6 Rg6  0-1

[Event "ch-ROU Men 2012"]
[Site "Sarata Monteoru ROU"]
[Date "2012.02.18"]
[Round "7.7"]
[White "Cioara,A"]
[Black "Georgescu,T"]
[Result "1-0"]
[WhiteElo "2456"]
[BlackElo "2415"]

1.e4 d6 2.d4 Nf6 3.Nc3 e5 4.Nf3 Nbd7 5.Bc4 Be7 6.O-O O-O 7.Qe2 c6 8.a4 b6
9.Rd1 Qc7 10.d5 c5 11.a5 bxa5 12.Nd2 Nb6 13.Bb5 Bg4 14.f3 Bd7 15.Nb3 Nh5
16.Nxa5 Nf4 17.Bxf4 exf4 18.Bc6 Bxc6 19.dxc6 Bf6 20.Nb5 Qe7 21.c3 Be5 22.Nb7 a6
23.N5xd6 Qc7 24.Rxa6 Qxc6 25.Na5 Qc7 26.Nb5 Qc8 27.Na7 Qc7 28.N5c6 c4 29.Qf2 Nc8
30.Nb5 Qb7 31.Rxa8 Qxa8 32.Nxe5 Qa4 33.Rd5 Ne7 34.Rc5 Rd8 35.g3 Qd1+ 36.Qf1 Qc2
37.Nd4 Qxb2 38.Qxc4 Ra8 39.Ra5 Qc1+ 40.Kg2 Qd2+ 41.Kh3  1-0

[Event "Chebanenko Memorial KO"]
[Site "Chisinau MDA"]
[Date "2012.02.19"]
[Round "3.3"]
[White "Naiditsch,A"]
[Black "Bologan,V"]
[Result "1/2-1/2"]
[WhiteElo "2702"]
[BlackElo "2680"]

1.e4 d6 2.d4 Nf6 3.Nc3 c6 4.Be3 e5 5.dxe5 dxe5 6.Qxd8+ Kxd8 7.Bc4 Ke8 8.f3 Nbd7
9.a4 Bc5 10.Bxc5 Nxc5 11.b4 Be6 12.Be2 Ncd7 13.a5 Ke7 14.g4 h6 15.Nh3 b5
16.axb6 axb6 17.Kd2 Rxa1 18.Rxa1 h5 19.g5 Nxe4+ 20.fxe4 Bxh3 21.b5 cxb5 22.Ra7 Be6
23.Bxb5 Kd6 24.Ba4 Rc8 25.Nb5+ Kc5 26.Nc7 Nf8 27.Rb7 Bc4 28.Nd5 Bxd5 29.exd5 Kxd5
30.Rxf7 g6 31.Rf6 Rb8 32.Bc6+ Kc5 33.Be4 b5 34.c3 b4 35.Rc6+ Kb5 36.c4+ Ka5
37.Kc2 Rb6 38.Rc7 Ne6 39.Ra7+ Ra6 40.Re7 Nd4+ 41.Kb2 b3 42.Kc3 Ne2+ 43.Kxb3 Rb6+
44.Ka3 Nc3 45.Rxe5+ Ka6 46.Bd3 Rd6 47.Re3 Kb6 48.Kb4 Na2+ 49.Ka3 Nc3 50.Kb3 Nd1
51.Rf3 Nf2 52.Rf6 Kc5 53.Bxg6 h4 54.Rxd6 Kxd6 55.Bf5 Nd1 56.g6 Ke7 57.c5 Ne3
58.Be4 Ng4 59.c6 Nf6 60.Bf3 Ne8 61.Kc4 Kf6 62.Kc5 Kxg6 63.Kb6 Kf6 64.Bg4 Ke7
65.Bd7 Nd6 66.Bg4 Ne8 67.Bh5 Nf6 68.c7 Nd5+ 69.Kb7 Nxc7 70.Kxc7 Kf6  1/2-1/2

[Event "50th TCh-DEN XtraCon 2011-12"]
[Site "Denmark DEN"]
[Date "2012.02.19"]
[Round "7.1"]
[White "Hector,J"]
[Black "Jaksland,T"]
[Result "1-0"]
[WhiteElo "2575"]
[BlackElo "2306"]

1.d4 d6 2.e4 Nf6 3.Nc3 e5 4.Nf3 exd4 5.Nxd4 Be7 6.g3 d5 7.e5 Ng4 8.Bg2 c6
9.f4 O-O 10.h3 Nh6 11.O-O f6 12.e6 c5 13.Nb3 d4 14.Nd5 Nf5 15.Re1 Na6 16.Qd3 g6
17.c3 Nd6 18.Na5 Nc7 19.Nxe7+ Qxe7 20.cxd4 cxd4 21.Qxd4 Nf5 22.Qf2 Rd8 23.Nb3 Kg7
24.g4 Nd6 25.Bd2 Nc4 26.Bc3 Nb5 27.Rac1 Nxc3 28.Rxc3 Nb6 29.f5 Qd6 30.Rec1 Re8
31.Rc7+ Kg8 32.Qd4 Qxd4+ 33.Nxd4 Rb8 34.Nb5 Na8 35.R7c3 Nb6 36.Nd6  1-0

[Event "ch-ROU Men 2012"]
[Site "Sarata Monteoru ROU"]
[Date "2012.02.20"]
[Round "10.35"]
[White "Pribeanu,M"]
[Black "Ciortan,M"]
[Result "1-0"]
[WhiteElo "2186"]
[BlackElo "1721"]

1.e4 d6 2.d4 Nf6 3.Nc3 e5 4.Nf3 Nbd7 5.Bc4 h6 6.O-O c6 7.a4 Be7 8.h3 Qc7
9.b3 Nf8 10.dxe5 dxe5 11.Nh4 g5 12.Nf5 Ng6 13.Qf3 Nf4 14.Nxe7 Qxe7 15.Ba3 Qc7
16.Rfd1 g4 17.Qg3 N6h5 18.Nb5 cxb5 19.Bxb5+ Bd7 20.Rxd7 Ne2+ 21.Kh2 Nhxg3
22.Rxc7+ Kd8 23.Rd7+ Kc8 24.fxg3 Nd4 25.Rxf7 a6 26.Bd7+ Kb8 27.Bd6+ Ka7 28.Bxe5 Rhg8
29.Bxd4+ Kb8 30.Bxg4 a5 31.Raf1 Ra6 32.Rf8+ Rxf8 33.Rxf8+ Kc7 34.Be5+ Kc6
35.Rf6+ Kc5 36.Rxa6 bxa6 37.Bc3 Kd6 38.e5+ Ke7 39.Bxa5 h5 40.Bf5 Ke8 41.e6 h4
42.Bb4 hxg3+ 43.Kxg3  1-0

[Event "ch-POL 2012"]
[Site "Warsaw POL"]
[Date "2012.02.21"]
[Round "4"]
[White "Kolosowski,M"]
[Black "Kuzmicz,K"]
[Result "0-1"]
[WhiteElo "2439"]
[BlackElo "2451"]

1.e4 d6 2.d4 Nf6 3.Nc3 e5 4.Nf3 Nbd7 5.g4 Nxg4 6.Rg1 Ngf6 7.Bc4 exd4 8.Qxd4 Nb6
9.Bb3 Be6 10.Be3 Qd7 11.Qd3 O-O-O 12.a4 d5 13.a5 Nc4 14.exd5 Nxb2 15.Qd4 c5
16.dxe6 Qxd4 17.Nxd4 cxd4 18.Bd2 dxc3 19.Bxc3 fxe6 20.Bxb2 Nd5 21.Ra4 Rg8
22.a6 g6 23.Re4 Bd6 24.Rxe6 Bb4+ 25.Kf1 Nf4 26.c3 Bd6 27.Rg5 Nxe6 28.Bxe6+ Kc7
29.Bxg8 Rxg8 30.Kg2 bxa6 31.c4 Rb8 32.Bc1 Rb4 33.Rg4 Kc6 34.Re4 a5 35.Bd2 Ra4
36.Be3 a6 37.Kf3 Rb4 38.Ke2 a4 39.Kd3 a3 40.Bd4 Rb1 41.Re2 Rd1+ 42.Kc3 a5
43.c5 Bxc5 44.Bxc5 Kxc5 45.Kb3 Rd3+ 46.Ka2 Rh3 47.f4 Kd4 48.Re7 Rxh2+ 49.Kxa3 Rh4  0-1

[Event "ch-POL w 2012"]
[Site "Warsaw POL"]
[Date "2012.02.23"]
[Round "6"]
[White "Worek,J"]
[Black "Szczepkowska Horowska,K"]
[Result "1/2-1/2"]
[WhiteElo "2234"]
[BlackElo "2377"]

1.d4 d6 2.e4 Nf6 3.Nc3 e5 4.Nf3 Nbd7 5.Bc4 Be7 6.h3 O-O 7.Be3 c6 8.dxe5 dxe5
9.a4 Bb4 10.Qd3 Qc7 11.O-O Nc5 12.Bxc5 Bxc5 13.Ne2 Nh5 14.Qc3 Bd6 15.Rfd1 Qe7
16.Rd3 a5 17.Rad1 Bc7 18.Qd2 h6 19.Bb3 Kh7 20.g4 Nf4 21.Nxf4 exf4 22.e5 f5
23.Rd7 Bxd7 24.Qxd7 Qxd7 25.Rxd7 fxg4 26.hxg4 Rac8 27.Bf7 Rfd8 28.Re7 Bb6
29.e6 Rb8 30.Ne5 Bc5 31.Bg6+ Kg8 32.Rd7 Rbc8 33.Rxb7 Re8 34.Bf7+ Kh8 35.Rd7 Kh7
36.Nd3 Be7 37.Nxf4 Bg5 38.Nd3 Re7 39.f4 Bf6 40.Rd6 c5 41.Rd5 g5 42.fxg5 Bxg5
43.Ne5 Rb7 44.b3 Kg7 45.Nc4 Rd8 46.Rxc5 Rd1+ 47.Kf2 Rc1 48.Nd6 Rb4 49.Rc8 Rf4+
50.Ke2 Rff1 51.Nf5+ Kh7 52.Bg8+ Kg6 53.Bf7+ Kh7 54.Bg8+ Kg6 55.Bf7+  1/2-1/2

[Event "TCh-ISR 2011-12"]
[Site "Israel ISR"]
[Date "2012.02.24"]
[Round "9.6"]
[White "Steinberg,N"]
[Black "Borsuk,A"]
[Result "1/2-1/2"]
[WhiteElo "2290"]
[BlackElo "2257"]

1.e4 d6 2.d4 Nf6 3.Nc3 e5 4.Nf3 Nbd7 5.g3 Be7 6.Bg2 O-O 7.O-O c6 8.a4 Qc7
9.b3 Re8 10.Ba3 Nf8 11.h3 b6 12.Qd2 a6 13.Rad1 b5 14.dxe5 dxe5 15.Bxe7 Qxe7
16.Nh4 b4 17.Nb1 a5 18.Qe3 Qa7 19.Nf5 Qxe3 20.Nxe3 Ba6 21.Rfe1 Ne6 22.Nd2 Nd4
23.Bf1 Bb7 24.Bd3 Nd7 25.f3 Nc5 26.Bf1 Red8 27.Kf2 f6 28.Ndc4 g6 29.Bg2 Nce6
30.Rd2 c5 31.h4 Bc6 32.Red1 Kf7 33.Bh3 Nc7 34.Nb2 Ke7 35.Nec4 Nce6 36.Ke3 h6
37.Bxe6 Nxe6 38.Rxd8 Nxd8 39.Rd6 Rc8 40.f4 exf4+ 41.gxf4 Nb7 42.Rd2 Rd8 43.Rxd8 Kxd8
44.Nd3 Ke7 45.f5 gxf5 46.exf5 Bd5 47.Nb6 Bf7 48.Kf4 Kd6 49.Nf2 Kc6 50.Nc8 Kd7
51.Nb6+ Kc6 52.Nc8 Kd7 53.Nb6+  1/2-1/2

[Event "Schachbundesliga 2011-12"]
[Site "Bochum GER"]
[Date "2012.02.26"]
[Round "11"]
[White "Feygin,M"]
[Black "Klyuner,V"]
[Result "1/2-1/2"]
[WhiteElo "2521"]
[BlackElo "2428"]

1.e4 d6 2.d4 Nf6 3.Nc3 e5 4.Nf3 Nbd7 5.Bc4 Be7 6.O-O O-O 7.a4 c6 8.Re1 b6
9.b3 Rb8 10.Bb2 a6 11.Qd2 b5 12.Bd3 Re8 13.Ne2 Bf8 14.Ng3 g6 15.axb5 axb5
16.Ra7 Qb6 17.Rea1 Bg7 18.Ra8 Rxa8 19.Rxa8 Bb7 20.Rxe8+ Nxe8 21.dxe5 Nxe5  1/2-1/2

[Event "PriFO Champ RUS 2012"]
[Site "Tolyatti RUS"]
[Date "2012.02.27"]
[Round "1.9"]
[White "Bronnikov,K1"]
[Black "Frolov,Arti"]
[Result "1-0"]
[WhiteElo "2256"]
[BlackElo "2442"]

1.e4 d6 2.d4 Nf6 3.Nc3 e5 4.dxe5 dxe5 5.Qxd8+ Kxd8 6.Bc4 Be6 7.Bxe6 fxe6
8.f3 Bd6 9.Be3 Ke7 10.Nh3 a6 11.Nf2 Nc6 12.O-O-O h6 13.Na4 Na5 14.b3 b6 15.c3 Nd7
16.Kc2 Nb7 17.Nb2 c6 18.Rd2 Bc7 19.a4 Rhd8 20.Nfd3 a5 21.Bf2 Ke8 22.Bh4 Rdc8
23.Rhd1 Nd8 24.Nf2 Nf8 25.Nc4 Nf7 26.Bg3 Rd8 27.Nd3 Ng6 28.Bf2 Ra6 29.Ncb2 Nf4
30.b4 Nxd3 31.Rxd3 b5 32.Kb3 Rxd3 33.Rxd3 Bd6 34.Bc5 Ke7 35.Bxd6+ Nxd6 36.c4 axb4
37.axb5 cxb5 38.c5 Nb7 39.Kxb4 Ra2 40.Rd2 Na5 41.Kxb5 Nb3 42.Rf2 Nd4+ 43.Kb4 Nc6+
44.Kb3 Ra5 45.Nd3 Kd7 46.Ra2 Nd4+ 47.Kb2 Rb5+ 48.Kc3 Nc6 49.Rb2 Ra5 50.Rb7+ Kd8
51.Rxg7 h5 52.Kc4 Ra3 53.Nb4 Na7 54.Rxa7  1-0

[Event "PriFO Champ RUS 2012"]
[Site "Tolyatti RUS"]
[Date "2012.02.27"]
[Round "1.6"]
[White "Predke,A"]
[Black "Timofeeva,Ekaterina"]
[Result "1-0"]
[WhiteElo "2467"]
[BlackElo "2277"]

1.d4 d6 2.e4 Nf6 3.Nc3 e5 4.Nf3 Nbd7 5.Bc4 Be7 6.O-O O-O 7.Re1 c6 8.a4 b6
9.h3 a6 10.Ba2 Rb8 11.b4 b5 12.Rb1 Qc7 13.Be3 bxa4 14.Qd3 exd4 15.Bxd4 Ne5
16.Qe3 a5 17.bxa5 Rxb1 18.Rxb1 Nxf3+ 19.Qxf3 Qxa5 20.Bb6 Qa8 21.Rb4 d5 22.Rxa4 dxe4
23.Qxf6 Bxf6 24.Rxa8 Bxc3 25.Bc5 Rd8 26.Bb6 Rf8 27.Ra7 Be6 28.Bxe6 fxe6 29.Rc7 Ra8
30.Rxc6 Ra1+ 31.Kh2 Be5+ 32.g3 Kf7 33.Rc4 Re1 34.Be3 Bf6 35.Rxe4 Bg5 36.h4 Bxe3
37.Rxe3 Rc1 38.Re2 Kf6 39.Kg2 Ra1 40.Kf3 Ra4 41.c3 Kf5 42.Ke3 Ke5 43.Kd3+ Kd5
44.Rb2 Ra7 45.Rb8 Kc6 46.Rg8 g6 47.h5 gxh5 48.Rg5 Rf7 49.Ke3 Kd6 50.c4 Rc7
51.Kd4 Rf7 52.f4 Ra7 53.c5+ Kc6 54.Rxh5 Ra4+ 55.Ke5 Kxc5 56.Rxh7 Ra3 57.Rc7+ Kb6
58.Rc1 Rxg3 59.Kxe6  1-0

[Event "PriFO Champ RUS 2012"]
[Site "Tolyatti RUS"]
[Date "2012.02.29"]
[Round "3.1"]
[White "Frolyanov,D"]
[Black "Dudukin,Ilya"]
[Result "1-0"]
[WhiteElo "2555"]
[BlackElo "2390"]

1.e4 d6 2.d4 Nf6 3.Nc3 e5 4.Nf3 Nbd7 5.Bc4 Be7 6.O-O O-O 7.a4 a5 8.Re1 c6
9.h3 exd4 10.Nxd4 Nc5 11.Bf4 Be6 12.Nxe6 fxe6 13.Bxd6 Bxd6 14.e5 Nd5 15.exd6 Qxd6
16.Ne4 Nxe4 17.Rxe4 Rf6 18.Qd4 Raf8 19.Rf1 Rf4 20.Bd3 e5 21.Qxe5 Qxe5 22.Rxe5 Rxa4
23.g3 g6 24.c3 Kg7 25.Rb1 Kf6 26.Rbe1 Rf7 27.Re6+ Kg7 28.R6e2 Kf8 29.Re8+ Kg7
30.h4 Ra2 31.R8e2 Ra4 32.Re5 Kf8 33.h5 Re7 34.hxg6 hxg6 35.Bxg6 Ra2 36.c4 Rxe5
37.Rxe5 Ne7 38.Bd3 Rxb2 39.Rxa5 Rb3 40.Be2 b6 41.Ra7 Nf5 42.Kg2 Rb2 43.Bh5 Ne3+
44.Kf3 Nxc4 45.g4 Ne5+ 46.Ke4 Nxg4 47.Bxg4 Rxf2 48.Ke5 Rf7 49.Ra8+ Kg7 50.Be6 Rf1
51.Rg8+ Kh7 52.Rg3 Rf8 53.Bf5+ Kh8 54.Ke6 b5 55.Rg5 c5 56.Ke7 Ra8 57.Kf7 Ra7+
58.Kf6 Ra6+ 59.Be6 Ra7 60.Rxc5  1-0

[Event "PriFO Champ RUS 2012"]
[Site "Tolyatti RUS"]
[Date "2012.02.29"]
[Round "3.31"]
[White "Talipov,N"]
[Black "Timofeeva,Ekaterina"]
[Result "1-0"]
[WhiteElo "2132"]
[BlackElo "2277"]

1.d4 d6 2.Nc3 Nf6 3.e4 e5 4.Nge2 Nbd7 5.g3 c6 6.a4 Be7 7.Bg2 a5 8.O-O O-O
9.h3 Re8 10.Be3 Bf8 11.f4 exd4 12.Bxd4 Nc5 13.Bxc5 dxc5 14.Qe1 Qb6 15.Rb1 Be6
16.Qf2 Rad8 17.e5 Nd5 18.Nxd5 Bxd5 19.Nc3 Bxg2 20.Kxg2 Qb4 21.Rfe1 c4 22.Re2 b5
23.axb5 cxb5 24.Ne4 a4 25.c3 Qe7 26.Rbe1 Qe6 27.Kh2 Rd3 28.Nd6 Rd8 29.Qb6 Qd7
30.Nxb5 h5 31.Nd4 h4 32.g4 a3 33.Nf5 axb2 34.Qxb2 Rf3 35.Nxh4 Rxf4 36.Qc1 Be7
37.Qxf4 Bxh4 38.Rf1 g5 39.Qxc4 Re8 40.Qe4 Qb5 41.c4 Qb3 42.Rf3 Qd1 43.c5 Re6
44.Qc2 Qd5 45.Rd3 Qc6 46.Qc4 Kg7 47.Qd5 Qa4 48.Kg2 Qa6 49.Ra2 Qb5 50.Rc2 Qb1
51.Re2 Qb5 52.Red2 Be1 53.Rc2 Qb8 54.c6 Qc7 55.Qd7 Qxe5 56.Qd4  1-0

[Event "4th Batavia Grolsch 2012"]
[Site "Amsterdam NED"]
[Date "2012.03.01"]
[Round "6.2"]
[White "Klein,Da"]
[Black "Vandenbussche,T"]
[Result "0-1"]
[WhiteElo "2391"]
[BlackElo "2359"]

1.e4 d6 2.d4 Nf6 3.Nc3 e5 4.Nf3 Nbd7 5.Bc4 Be7 6.O-O O-O 7.Re1 a6 8.a4 b6
9.h3 Bb7 10.Ba2 b5 11.d5 b4 12.Nb1 Nc5 13.c3 a5 14.Nbd2 c6 15.c4 cxd5 16.cxd5 Rc8
17.Bb1 Qc7 18.Nf1 Ba6 19.Bg5 Bc4 20.Bxf6 Bxf6 21.N1d2 Ba6 22.Nb3 Nxb3 23.Qxb3 Qc4
24.Qe3 Qc5 25.Qd2 Bd8 26.Bd3 Bxd3 27.Qxd3 Bb6 28.Re2 Qc4 29.Qd1 f5 30.exf5 Rxf5
31.Nd2 Qh4 32.Ne4 Rc4 33.Qd3 Rd4 34.Qc2 Rxe4 35.Qxe4 Qxe4 36.Rxe4 Rxf2 37.Kh2 Rxb2
38.Rc1 Rd2 39.Rc6 Bc5 40.Rh4 Be3 41.Rg4 Bf4+ 42.Kg1 g5 43.Rxd6 b3 44.Rd8+ Kf7
45.Rb8 b2 46.g3 h5 47.d6 Rd1+ 48.Kg2 b1=Q 49.Kh2 Qc2+  0-1

[Event "PriFO Champ RUS 2012"]
[Site "Tolyatti RUS"]
[Date "2012.03.01"]
[Round "4.13"]
[White "Predke,A"]
[Black "Murtazin,Bulat"]
[Result "1-0"]
[WhiteElo "2467"]
[BlackElo "2004"]

1.e4 d6 2.d4 Nf6 3.Nc3 c6 4.f4 Qa5 5.Bd3 e5 6.Nf3 exd4 7.Nxd4 Qb6 8.Nf3 d5
9.Qe2 Be7 10.e5 Ng4 11.f5 Bc5 12.Nd1 d4 13.O-O O-O 14.Ng5 Ne3 15.Nxh7 Re8
16.Ng5 Nd7 17.e6 Ne5 18.Qh5 Qc7 19.e7  1-0

[Event "TCh-ISR 2011-12"]
[Site "Israel ISR"]
[Date "2012.03.02"]
[Round "11.1"]
[White "Gofshtein,L"]
[Black "Kantsler,B"]
[Result "1-0"]
[WhiteElo "2504"]
[BlackElo "2422"]

1.d4 d6 2.e4 Nf6 3.Nc3 e5 4.dxe5 dxe5 5.Qxd8+ Kxd8 6.f4 Bd6 7.Nf3 Nc6 8.f5 Nd4
9.Bd3 Ke7 10.Bg5 c6 11.Nd2 Bd7 12.Nd1 Nb5 13.a4 Nc7 14.Nc4 b5 15.Nxd6 Kxd6
16.Nf2 Nce8 17.Ke2 Kc7 18.axb5 cxb5 19.Ra6 Kb7 20.Rha1 Nc7 21.R6a5 Bc6 22.Bxf6 gxf6
23.Ng4 Rhg8 24.Kf3 Rg5 25.Ne3 a6 26.b3 Rd8 27.Ke2 h5 28.g3 b4 29.Kf3 Rd4
30.h4 Rg7 31.Rc5 Nb5 32.Rxc6 Rxd3 33.cxd3 Nd4+ 34.Kf2 Kxc6 35.Rxa6+ Kb5 36.Ra8 Nxb3
37.Rb8+ Kc5 38.Nd5 Nd4 39.Nxb4 Rh7 40.Nd5 Nxf5 41.Nxf6 Rh6 42.Ng8  1-0

[Event "4th Coral Colon IM"]
[Site "Sabadell ESP"]
[Date "2012.03.02"]
[Round "4"]
[White "Colon Garcia,E"]
[Black "Ryan,Jo"]
[Result "1-0"]
[WhiteElo "2308"]
[BlackElo "2289"]

1.e4 d6 2.d4 Nf6 3.Nc3 e5 4.Nge2 c6 5.g3 g6 6.Bg2 Bg7 7.O-O O-O 8.a4 a5 9.h3 Na6
10.Be3 Nb4 11.d5 cxd5 12.exd5 Bf5 13.Rc1 Rc8 14.Qd2 h5 15.Kh2 Kh7 16.Ng1 Rc4
17.Nf3 b6 18.Nh4 Bd7 19.f4 e4 20.f5 Rxc3 21.bxc3 Nbxd5 22.fxg6+ fxg6 23.Bxe4 Nxe4
24.Qxd5 Rxf1 25.Rxf1 Qe8 26.Bd4 Nxc3 27.Qf7  1-0

[Event "TCh-AUT 2 Mitte 2011-12"]
[Site "St. Veit AUT"]
[Date "2012.03.02"]
[Round "7"]
[White "Wittmann,W"]
[Black "Sandner,W"]
[Result "1/2-1/2"]
[WhiteElo "2300"]
[BlackElo "2238"]

1.e4 d6 2.d4 Nf6 3.Nc3 e5 4.Nf3 Nbd7 5.Bc4 Be7 6.O-O O-O 7.Re1 c6 8.a4 b6
9.d5 cxd5 10.Nxd5 Nxd5 11.Bxd5 Rb8 12.c3 Nf6 13.Bb3 Bb7 14.Bc2 Qc7 15.Bg5 h6
16.Bxf6 Bxf6 17.Qd3 Rbc8 18.Rad1 Rfd8 19.Bb3 Bc6 20.h3 Qd7 21.Ra1 Qb7 22.Nd2 d5
23.exd5 Bxd5 24.Bxd5 Qxd5 25.Qxd5 Rxd5 26.Ne4 Be7 27.g4 g6 28.Kf1 Kg7 29.Ke2 Bh4
30.Red1 Rxd1 31.Kxd1 f5 32.gxf5 gxf5 33.Ng3 Kf6 34.Ke2 a5 35.Nf1 Ke6 36.Nd2 Bg5
37.Rg1 Kf6 38.Rd1 Ke6 39.Rg1  1/2-1/2